| 000 | 00892cam a2200289 a 4500 | ||
|---|---|---|---|
| 001 | 5252121 | ||
| 003 | CaAEU | ||
| 005 | 20260304110049.0 | ||
| 008 | 070731s2006 enka 000 0 eng c | ||
| 020 | _a9781844137879 (pbk.) | ||
| 035 | _aocn186480632 | ||
| 040 |
_aUKM _cUKM _dCGU _dBAKER _dCOO _dIXA _dOCO _dNLGGC _dDPL _dCaONFJC |
||
| 041 | _aEnglish | ||
| 042 | _apcc | ||
| 050 | 4 |
_aN6797.B363 _bA4 2006 |
|
| 100 |
_aBanksy _922305 |
||
| 245 | 1 | 0 | _aBanksy. |
| 246 | 1 | 4 |
_aBanksy : _bwall and piece |
| 246 | 3 | 0 | _aWall and piece |
| 260 |
_aLondon, UK : _bCentury, _c2006. |
||
| 300 |
_a238 pages : _billustrations (some color) ; _c27 cm |
||
| 505 | _aBanksy — His work — Photographed — With comments by Banksy — In a book — This is that book. | ||
| 600 | 0 |
_aBanksy _922305 |
|
| 650 | 0 |
_aStreet art _922307 |
|
| 650 | 0 |
_aGraffiti artists--England--Influence. _922306 |
|
| 942 | _2lcc | ||
| 999 |
_c5369 _d5369 |
||